| Tag |
First Indicator |
Second Indicator |
Subfields |
| LEADER |
00000cam a2200000 a 4500 |
| 001 |
in00002781076 |
| 006 |
m d |
| 007 |
cr cn||||||||| |
| 008 |
111122s2012 vaua ob 001 0 eng d |
| 005 |
20250816210040.0 |
| 010 |
|
|
|z 2011044937
|
| 020 |
|
|
|z 9780813932637 (cloth acid-free paper)
|
| 020 |
|
|
|z 9780813932699 (e-book)
|
| 035 |
|
|
|a (CaPaEBR)ebr10582960
|
| 040 |
|
|
|a CaPaEBR
|c CaPaEBR
|d UtOrBLW
|
| 050 |
1 |
4 |
|a PN1069
|b .D53 2012eb
|
| 082 |
0 |
4 |
|a 809.1/03
|2 23
|
| 100 |
1 |
|
|a Dickey, Frances,
|d 1970-
|
| 245 |
1 |
4 |
|a The modern portrait poem :
|b from Dante Gabriel Rossetti to Ezra Pound /
|c Frances Dickey.
|
| 264 |
|
1 |
|a Charlottesville :
|b University of Virginia Press,
|c 2012.
|
| 300 |
|
|
|a 1 online resource (viii, 260 pages) :
|b illustrations
|
| 336 |
|
|
|a text
|b txt
|2 rdacontent
|
| 337 |
|
|
|a computer
|b c
|2 rdamedia
|
| 338 |
|
|
|a online resource
|b cr
|2 rdacarrier
|
| 504 |
|
|
|a Includes bibliographical references and index.
|
| 505 |
0 |
|
|a Portraiture in the Rossetti circle: window, object, or mirror -- Ezra Pound: portraiture and originality -- T. S. Eliot: getting out of the picture -- Contraction: from picture sonnet to epigram -- Expansion: Ezra Pound and avant-garde portraiture -- Pastoral mode: William Carlos Williams and nativist portraiture -- Coda: Rossetti and E. E. Cummings.
|
| 500 |
|
|
|a Electronic resource.
|
| 650 |
|
0 |
|a Poetry, Modern
|x History and criticism.
|
| 650 |
|
0 |
|a Portraits
|x History.
|
| 650 |
|
0 |
|a Art, Modern
|x Influence.
|
| 655 |
|
7 |
|a Electronic books.
|2 local
|
| 710 |
2 |
|
|a ebrary, Inc.
|
| 856 |
4 |
0 |
|u https://ebookcentral.proquest.com/lib/tamucs/detail.action?docID=3444043
|y Connect to the full text of this electronic book
|t 0
|
| 980 |
|
|
|a 120814
|b 45
|c USD
|e 67.5
|f YBP_EBR0000040323
|g 1
|
| 999 |
f |
f |
|s ed63a99f-69fb-36e5-a5b6-78e569913026
|i 197b2825-5325-38e7-bbe6-dd620214e086
|t 0
|
| 999 |
|
|
|a MARS
|
| 952 |
f |
f |
|a Texas A&M University
|b College Station
|c Electronic Resources
|d Available Online
|t 0
|e PN1069 .D53 2012eb
|h Library of Congress classification
|
| 998 |
f |
f |
|a PN1069 .D53 2012eb
|t 0
|l Available Online
|